Homestuck Quotes without Typing Quirks 2 - Statistics

General Stats
  • This quiz has been taken 10 times
  • The average score is 16 of 28
Answer Stats
Quote Speaker % Correct
It's easy to see, if you search all your feelins, that peace happens first and murder's the sequel. Gamzee
100%
It's not revenge. You were always supposed to be on the red team. You'll believe me later, when you wake up. Aradia
75%
Did you try to draw shades on his face and miss? What's even the point? He's already wearing shades. Dave
75%
Now that I think about it, I should probably deactivate his pelvic magnetron. Equius
75%
Today is the day I have to finish it and send it. Not a day later! Jake
75%
I guess I find her sort of intoxicating. Kanaya
75%
This is dumb. Sollux
75%
Someone said I should give my self esteem a name. Tavros
75%
Lies have a subtle odor, easy to miss at first. But the more they pile up, the more they stink! Terezi
75%
Remember Team Scourge? How convenient all that must be to have forgotten! You were so nasty. Vriska
75%
Causal spoilers. Calliope
50%
I made the decision to come back myself. Maybe it'd be different if you had the same chance. Davesprite
50%
Jokes are only temporary lies. If the falsehood is never exposed, there is no punchline. If the punchline is never delivered, the lie is sealed forever, regardless of initial humorous intent. Doc Scratch
50%
Nobody understands, not even you. Eridan
50%
We are not better than anybody! Feferi
50%
How do you like that for hospitality, Doc? Hussie
50%
But if you go I don't think I can bring you back. I can't bring anyone or anything to here from there! Jade
50%
I promised to believe what you say, not do it! Jane
50%
Tell me what is wrong with this picture. John
50%
I'll catch up with you about it when you catch up with me on the timeline. Karkat
50%
Hoo hoo Lil Cal
50%
I think you have this whole blueprint in your head about how it's all supposed to go. He acts as your server player and brings you into the session. Then later he joins the game. Maybe he finds himself a bit overwhelmed by it all. Lil Hal
50%
It appears to be out of range. I'm guessing it is too far away from you, the "player". Rose
50%
I think it was supposed to be my story. Roxy
50%
Dude, do you think you could sit this one out for a while? This conversation practically doesn't even concern you at this point. Dirk
25%
After we died I looked all over for him but couldn't find him. And I was so lonely, but I finally got over it when I met my friends... Jadesprite
25%
She knew the baroness was not human! Nannasprite
25%
Did you ever have someone nice back on Earth who you loved? Nepeta
25%
No matching quizzes found
Score Distribution
Percent of People with Each Score
Percentile by Number Answered
Your Score History
You have not taken this quiz